Every city in Northern Territory Australia - Statistics

General Stats
  • This quiz has been taken 15 times
  • The average score is 10 of 70
Answer Stats
Status Population City % Correct
Major Urban Area 122,207 Darwin
100%
Urban Center 24,855 Alice Springs
92%
Urban Center 5,980 Katherine
75%
Urban Center 2,949 Tennant Creek
58%
Urban Center 3,267 Nhulunbuy
50%
Locality 853 Yulara
42%
Locality 243 Adelaide River
33%
Locality 371 Batchelor
33%
Locality 755 Jabiru
33%
Urban Center 2,518 Maningrida
33%
Locality 191 Apatula (Finke)
25%
Locality 755 Borroloola
25%
Locality 551 Hermannsburg
25%
Locality 660 Humpty Doo
25%
Locality 318 Pine Creek
25%
Locality 657 Yirrkala
25%
Locality 350 Alpurrurulam
17%
Urban Center 2,199 Galiwinku (Elcho Island)
17%
Urban Center 1,153 Gunbalanya (Oenpelli)
17%
Locality 327 Mataranka
17%
Locality 414 Milikapiti
17%
Locality 265 Minjilang
17%
Locality 317 Pirlangimpi
17%
Locality 278 Timber Creek
17%
Urban Center 1,924 Wadeye
17%
Urban Center 1,421 Wurrumiyanga (Nguiu)
17%
Locality 751 Alyangula
8%
Locality 883 Angurugu
8%
Locality 337 Barunga (Bamyili)
8%
Locality 575 Daguragu - Kalkarindji
8%
Locality 287 Elliott
8%
Locality 241 Gunyangara
8%
Locality 569 Howard Springs
8%
Locality 229 Kaltukatjara (Docker River)
8%
Locality 653 Lajamanu
8%
Urban Center 1,097 Milingimbi
8%
Urban Center 1,088 Ngukurr
8%
Locality 814 Ramingining
8%
Locality 603 Santa Teresa (Ltyentye Purte)
8%
Locality 419 Umbakumba
8%
Locality 422 Wagait Beach - Mandorah
8%
Locality 432 Warruwi
8%
Locality 542 Wugular (Beswick)
8%
Locality 394 Ali Curung
0%
Locality 229 Amoonguna
0%
Locality 439 Ampilatwatja (Aherrenge)
0%
Locality 236 Areyonga
0%
Locality 204 Atitjere
0%
Locality 240 Binjari
0%
Locality 263 Bulman - Weemol
0%
Locality 147 Canteen Creek
0%
Locality 705 Gapuwiyak
0%
Locality 424 Ilparpa
0%
Locality 263 Jilkminggan
0%
Locality 189 Laramba
0%
Locality 650 Minyerri
0%
Locality 296 Mutitjulu
0%
Locality 350 Nauiyu Nambiyu (Daly River)
0%
Locality 364 Nganmarriyanga (Palumpa)
0%
Locality 681 Numbulwar
0%
Locality 251 Nyirripi
0%
Locality 438 Papunya
0%
Locality 180 Robinson River (Mungoorbada)
0%
Locality 196 Titjikala
0%
Locality 420 Walungurru (Kintore)
0%
Locality 222 Willowra
0%
Locality 143 Wutunugurra
0%
Locality 283 Yarralin
0%
Locality 149 Yuelamu
0%
Locality 740 Yuendumu
0%
No matching quizzes found
Score Distribution
Percent of People with Each Score
Percentile by Number Answered
Your Score History
You have not taken this quiz